Délmagyarország. - 1912. május 16., Csütörtök
Elmentve itt :
| Dokumentumtípus: | Újság |
|---|---|
| Megjelent: |
1912-05-16
|
| Sorozat: | Délmagyarország
3 No. 113 |
| Online Access: | http://dmarchiv.bibl.u-szeged.hu/647 |
| LEADER | 00489nas a2200145 i 4500 | ||
|---|---|---|---|
| 001 | delm647 | ||
| 005 | 20200414144204.0 | ||
| 008 | 171213s1912 hu n o 0|| hun d | ||
| 022 | |a 0133-025X | ||
| 040 | |a SZTE Délmagyarország Archívum |b hun | ||
| 041 | |a hun | ||
| 245 | 0 | 0 | |a Délmagyarország. - 1912. május 16., Csütörtök |h [elektronikus dokumentum] |
| 260 | |c 1912-05-16 | ||
| 490 | 0 | |a Délmagyarország |v 3 No. 113 | |
| 856 | 4 | 0 | |u http://dmarchiv.bibl.u-szeged.hu/647/1/dm_1912__113.pdf |z Dokumentum-elérés |